Normal view
MARC view
- Davies, Peter
Entry Nombre Personal
001 - NUMERO DE CONTROL
- campo de control: 47305
003 - IDENTIFICADOR DE NUMERO DE CONTROL
- campo de control: UPN
005 - FECHA Y HORA DE LA ÜLTIMA TRANSACCIÓN
- campo de control: 20221123125558.0
008 - DATOS DE LONGITUD FIJA
- campo de control de longitud fija: 221109|| aca||aabn | a|a d
040 ## - FUENTE DE CATALOGACIÓN
- Agencia original de catalogación: MX-MxUPN
- Lenguaje de catalogación: spa
- Agencia de transcripción: MX-MxUPN
100 1# - ENCABEZAMIENTO - NOMBRE PERSONAL
- Nombre personal: Davies, Peter
670 ## - FUENTE EN LA QUE SE LOCALIZARON DATOS
- Cita de la fuente: En la obra: Aprender a pensar, pensar en aprender, 1998:
- Información localizada: portada (Peter Davies)
902 ## - CATALOGADOR
- Catalogador: NDAF/231122
